| 000 | 01066nmm a2200289 a 4500 | ||
|---|---|---|---|
| 001 | ocm000780082 | ||
| 003 | TR-IsHL | ||
| 005 | 20201028143334.0 | ||
| 008 | 140402s2011 tu tur | ||
| 007 | cr cn | ||
| 020 | _a9786055250096 | ||
| 035 |
_a780082 _b(N$T) |
||
| 050 | 0 | 4 |
_aBP80.A825 _bC48 2011 |
| 090 | 0 | 4 |
_aBP80.A825 _bC48 2011 |
| 100 | 1 | _aÇelik, Metin. | |
| 245 | 1 | 0 |
_aAkşemseddin hazretleri ve yakın çevresi _h[electronic resource] / _cMetin. Çelik |
| 260 |
_aİstanbul : _bÖzgü Yayınları, _c2011 |
||
| 300 | _a227 p. | ||
| 650 | 4 | _aFelsefe, Psikoloji ve Din | |
| 650 | 4 | _aPhilosophy, Psychology and Religion | |
| 650 | 0 |
_aAkşemseddin, Mehmed Şemseddin Hamza, 1390-1459 _x Biography |
|
| 650 | 0 |
_aAkşemseddin, Mehmed Şemseddin Hamza, 1390-1459 _x Biyografi. |
|
| 650 | 0 |
_aScholars, Muslim _x Turkey _x Biography |
|
| 650 | 0 |
_aMüslüman Alimler _x Turkey _x Biography. |
|
| 650 | 7 |
_aRELIGION / Islam / General _2bisacsh |
|
| 856 | 4 | 0 | _uhttp://search.ebscohost.com/login.aspx?direct=true&scope=site&db=e011xww&AN=780082 |
| 999 |
_c8846 _d8846 |
||